|
|
|
|
| LEADER |
02551nam a22004695i 4500 |
| 001 |
978-3-319-31524-9 |
| 003 |
DE-He213 |
| 005 |
20170109124756.0 |
| 007 |
cr nn 008mamaa |
| 008 |
170109s2017 gw | s |||| 0|eng d |
| 020 |
|
|
|a 9783319315249
|9 978-3-319-31524-9
|
| 024 |
7 |
|
|a 10.1007/978-3-319-31524-9
|2 doi
|
| 040 |
|
|
|d GrThAP
|
| 050 |
|
4 |
|a RA645.5-645.9
|
| 072 |
|
7 |
|a MMK
|2 bicssc
|
| 072 |
|
7 |
|a MED026000
|2 bisacsh
|
| 082 |
0 |
4 |
|a 616.025
|2 23
|
| 245 |
1 |
0 |
|a Orthopedic Emergencies
|h [electronic resource] /
|c edited by Melvin C. Makhni, Eric C. Makhni, Eric F. Swart, Charles S. Day.
|
| 264 |
|
1 |
|a Cham :
|b Springer International Publishing :
|b Imprint: Springer,
|c 2017.
|
| 300 |
|
|
|a XV, 616 p. 301 illus., 132 illus. in color.
|b online resource.
|
| 336 |
|
|
|a text
|b txt
|2 rdacontent
|
| 337 |
|
|
|a computer
|b c
|2 rdamedia
|
| 338 |
|
|
|a online resource
|b cr
|2 rdacarrier
|
| 347 |
|
|
|a text file
|b PDF
|2 rda
|
| 505 |
0 |
|
|a Emergency Orthopedic Evaluation -- True Orthopedic Emergencies -- Spine -- Shoulder and Upper Arm -- Wrist and Hand -- Pelvis and Lower Extremity -- Foot and Ankle -- Pediatrics -- Emergency Sideline Management of Athletic Conditions -- Appendix A: Physical Exam Overview -- Appendix B: Procedure Guides.
|
| 520 |
|
|
|a This book is a one-stop guide to managing acute orthopedic injuries. Unlike other handbooks, this reference provides a comprehensive, yet concise, set of diagnostic and management tools to help readers deliver optimal, evidence-based, and efficient patient care. Additional focus on physical exam techniques, emergency room orthopedic procedures, and on-field athletic management strategies empowers readers with real tips and tricks used by orthopedic surgeons at top-tier institutions. This guide is a must have for emergency medicine providers, orthopedic surgeons, and other clinicians, trainees, and students caring for adult or pediatric patients in the emergency setting. .
|
| 650 |
|
0 |
|a Medicine.
|
| 650 |
|
0 |
|a Emergency medicine.
|
| 650 |
|
0 |
|a Orthopedics.
|
| 650 |
1 |
4 |
|a Medicine & Public Health.
|
| 650 |
2 |
4 |
|a Emergency Medicine.
|
| 650 |
2 |
4 |
|a Orthopedics.
|
| 700 |
1 |
|
|a Makhni, Melvin C.
|e editor.
|
| 700 |
1 |
|
|a Makhni, Eric C.
|e editor.
|
| 700 |
1 |
|
|a Swart, Eric F.
|e editor.
|
| 700 |
1 |
|
|a Day, Charles S.
|e editor.
|
| 710 |
2 |
|
|a SpringerLink (Online service)
|
| 773 |
0 |
|
|t Springer eBooks
|
| 776 |
0 |
8 |
|i Printed edition:
|z 9783319315225
|
| 856 |
4 |
0 |
|u http://dx.doi.org/10.1007/978-3-319-31524-9
|z Full Text via HEAL-Link
|
| 912 |
|
|
|a ZDB-2-SME
|
| 950 |
|
|
|a Medicine (Springer-11650)
|